| 000 | 00506nmm a2200169Ia 4500 | ||
|---|---|---|---|
| 008 | 251105s9999||||xx |||||||||||||||||und|| | ||
| 020 | _a8479087641 | ||
| 041 | _aspa | ||
| 100 | _aRubio, Fanny | ||
| 245 | 0 | _aLas revistas poéticas españolas (1939-1975) | |
| 264 |
_a[Madrid, España] : _bPublicaciones de la Universidad de Alicante, _c2004 |
||
| 300 | _a588 páginas | ||
| 490 | _aLiteratura | ||
| 650 | _aSpanish literature | ||
| 856 | _uhttps://public.digitaliapublishing.com/a/793 | ||
| 942 | _cCF | ||
| 999 |
_c73609 _d73609 |
||